Welcome to CU Library Online Public Access Catalogue (OPAC)

Biblical Faith and Other Religion: (Record no. 5326)

MARC details
000 -LEADER
fixed length control field 00482nam a22001577a 4500
005 - DATE AND TIME OF LATEST TRANSACTION
control field 20250329085340.0
008 - FIXED-LENGTH DATA ELEMENTS--GENERAL INFORMATION
fixed length control field 250329b |||||||| |||| 00| 0 eng d
020 ## - INTERNATIONAL STANDARD BOOK NUMBER
International Standard Book Number 9780825420269
050 ## - LIBRARY OF CONGRESS CALL NUMBER
Classification number BR127
Item number .B52 BIB
245 ## - TITLE STATEMENT
Title Biblical Faith and Other Religion:
Remainder of title An Evangelical Assessment/
Statement of responsibility, etc. Edited by; David W. Baker
260 ## - PUBLICATION, DISTRIBUTION, ETC.
Place of publication, distribution, etc. Grand Rapids
Name of publisher, distributor, etc. Kregel Publications
Date of publication, distribution, etc. 2004
300 ## - PHYSICAL DESCRIPTION
Extent 176p.
Dimensions 20 cm
650 ## - SUBJECT ADDED ENTRY--TOPICAL TERM
Source of heading or term Theology
700 ## - ADDED ENTRY--PERSONAL NAME
Personal name Baker David W. (editor)
942 ## - ADDED ENTRY ELEMENTS (KOHA)
Source of classification or shelving scheme Library of Congress Classification
Koha item type Books
Suppress in OPAC No
999 ## -
-- 5326
-- 5326
Holdings
Withdrawn status Lost status Source of classification or shelving scheme Damaged status Not for loan Collection Home library Current library Shelving location Date acquired Total checkouts Full call number Barcode Date last seen Copy number Price effective from Koha item type
    Library of Congress Classification     Non-fiction Business Library (Miotso) Business Library (Miotso) General stacks 03/29/2025   BR127 .G54 2005 BSSM00001701 03/29/2025 1 03/29/2025 Books
    Library of Congress Classification     Non-fiction Business Library (Miotso) Business Library (Miotso) General stacks 03/29/2025   BR127 .G54 2005 BSSM00001702 03/29/2025 2 03/29/2025 Books
    Library of Congress Classification     Non-fiction Undergraduate Library (Christ Temple) Undergraduate Library (Christ Temple) General stacks 06/18/2025   BR127.B52 BIB ulct00003416 06/18/2025 1 06/18/2025 Books
© 2023-2024 Copyright: Central University Libraries. All Rights Reserved | Created by: Mahone Tech Office